000 00464nam a22001457a 4500
005 20250611090335.0
008 250611b |||||||| |||| 00| 0 eng d
020 _a9780851115399
050 _aBS5345
_b.5 GOL
100 _aGOLDSWORTHY GRAEME
245 _aPREACHING THE WHOLE BIBLE AS CHRISTIAN SCRIPTURE;
_bTHE APPLICATION OF BIBLICAL THEOLOGY TO EXPOSITORY PREACHING
260 _aMICHIGAN
_bINTER-VARSITY PRESS
_cc2000
300 _axv, 272p
942 _2lcc
_cBK
_n0
999 _c6407
_d6407